|
|
|
|
| LEADER |
00000nam a2200000 a 4500 |
| 005 |
20110222133712.0 |
| 008 |
080319s2007 sp 000 0 spa c |
| 017 |
|
|
|a D.L.SE-5324-2007
|
| 020 |
|
|
|a 9788498491258
|
| 035 |
|
|
|a 2301
|
| 040 |
|
|
|a Dykinson
|d vlex
|
| 080 |
|
|
|a 340.13
|
| 090 |
|
|
|c 9
|d 9
|
| 100 |
1 |
|
|a Cuesta Aguado, Paz M. de la.
|
| 245 |
1 |
0 |
|a Conocimiento de la ilicitud :
|b aproximacin̤ al conocimiento de la antijuridicidad del hecho desde las teora̕s psicolg̤icas del pensamiento intuitivo /
|c Paz M. de la Cuesta Aguado.
|h [Recurso electrn̤ico]
|
| 256 |
|
|
|a Servicio en ln̕ea
|
| 260 |
|
|
|a Madrid :
|b Dykinson,
|c 2007.
|
| 300 |
|
|
|a 181 p. ;
|
| 500 |
|
|
|a Este libro conta de dos partes, en la primera, los capt̕ulos I y II, se revisan los presupuestos metodolg̤icos del elemento del Conociemiento de la antijuridicidad del hecho. En el primer capt̕ulo se sientan las bases de la concepcin̤ de culpabilidad en la que se inserta como requisito este elemento. En el segundo capt̕ulo se sintetizan las posiciones doctrinales y jurisprudenciales mayoristas desde una perspectiva crt̕ica.
|
| 506 |
1 |
|
|a Contenido solo disponible en los productos indicados
|d vLex Global
|d vLex Global (Academic Edition, excluding Law Schools)
|d vLex Global (U.S. Academic Edition, Law Schools)
|d vLex Global (U.S. Academic Edition, excluding Law Schools)
|d vLex Global (Academic Edition, Law Schools)
|
| 520 |
|
|
|a I. El conocimiento de la antijuridicidad del hecho en la teora̕ jurd̕ica del delito -- II. El conocimiento de la antijuridicidad del hecho y el error de prohibicin̤ en la doctrina y la jurisprudencia -- III. El conocimiento normativo en uan teora̕ de la racionalidad limitada -- IV. La reconstruccin̤ del elemento dogmt̀ico del conocimiento de la antijuridicidad del hecho
|
| 650 |
0 |
7 |
|a Antijuridicidad.
|2 Tesauro vLex
|
| 650 |
0 |
7 |
|a Teora̕ jurd̕ica del delito
|2 Tesauro vLex
|
| 740 |
0 |
|
|a vLex Libros (Servicios en ln̕ea)
|
| 856 |
|
|
|u http://vlex.com/source/2301
|z Acceso restringido
|
| 942 |
|
|
|c BOOK
|
| 999 |
0 |
|
|a Illegality
|b Spain
|
| 999 |
0 |
|
|a Criminal law
|b Spain
|